Golden easy english essays & letters / (Record no. 39283)

MARC details
000 -LEADER
fixed length control field 00659nam a22001937a 4500
005 - DATE AND TIME OF LATEST TRANSACTION
control field 2010080409559.0
010 ## - LCCN (DPL NO)
LC control number ENG-98259
020 ## - INTERNATIONAL STANDARD BOOK NUMBER
International Standard Book Number 8177090119
Terms of availability 20.00
035 ## - SYSTEM CONTROL NUMBER
System control number EN-81792
037 ## - SOURCE OF ACQUISITION
Source of stock number/acquisition DBAD/PUB
082 ## - DEWEY DECIMAL CLASSIFICATION NUMBER
Classification number 485
100 ## - MAIN ENTRY--PERSONAL NAME
Personal name Thakur, V.R
245 ## - TITLE STATEMENT
Title Golden easy english essays & letters /
Statement of responsibility, etc by V.R. Thakur
260 ## - PUBLICATION, DISTRIBUTION, ETC. (IMPRINT)
Place of publication, distribution, etc New Delhi
Name of publisher, distributor, etc Bharti Bhawan Publisher and Distributors
Date of publication, distribution, etc 2007
270 ## - ADDRESS
Address 4271/3, Ansari Road,Darya Ganj
City New Delhi
Postal code 110002
300 ## - PHYSICAL DESCRIPTION
Extent vii,106p.
Dimensions 20cm (pbk)
942 ## - ADDED ENTRY ELEMENTS (KOHA)
Source of classification or shelving scheme Dewey Decimal Classification
Item type English Books
Classification part 485
Call number suffix THA
Holdings
Withdrawn status Lost status Not for loan Collection code Home library Current library Date acquired Source of acquisition Cost, normal purchase price Full call number Barcode Copy number Cost, replacement price Koha item type
    Not For Loan Non-fiction D.B.Act.Division D.B.Act.Division 04/08/2010 DBAD/PUB 20.00 485 THA EN-81792 1 20.00 English Books

© Delhi Public Library
Hit Counter
free hit counter